[Event "Wch Blitz"]
[Site "St Petersburg"]
[Date "2018.12.30"]
[Round "21"]
[White "Kabanov, Nikolai"]
[Black "Makarov, Marat"]
[Result "1-0"]
[WhiteElo "2450"]
[BlackElo "2505"]
[PlyCount "92"]
[EventDate "2018.12.29"]
[EventType "swiss (blitz)"]
[EventRounds "21"]
[EventCountry "RUS"]
[SourceTitle "CBM 187 Extra"]
[Source "ChessBase"]
[SourceDate "2018.11.04"]
[SourceVersion "1"]
[SourceVersionDate "2018.11.04"]
[SourceQuality "1"]

1. e4 c5 2. Nf3 d6 3. d4 cxd4 4. Qxd4 Nc6 5. Bb5 Bd7 6. Qd3 g6 7. c4 Bg7 8. Nc3 Nf6 9. Bg5 0-0 10. 0-0 h6 11. Bh4 g5 12. Bg3 Nh5 13. Rac1 Rc8 14. b3 f5 15. exf5 Bxf5 16. Qd2 Nxg3 17. hxg3 Ne5 18. Nd4 Bd7 19. Bxd7 Qxd7 20. Rfe1 a6 21. Nd5 Rce8 22. f4 gxf4 23. gxf4 e6 24. fxe5 dxe5 25. Nxe6 Qxe6 26. Re4 Qg6 27. Qe2 Kh7 28. Rd1 Rf7 29. Rg4 Qe6 30. Qe4+ Kh8 31. Rg6 Qf5 32. Qxf5 Rxf5 33. Ne3 Rf7 34. Rgd6 e4 35. Rd7 Ree7 36. Rxe7 Rxe7 37. Kf2 Kh7 38. Ke2 Be5 39. Rd5 Bf4 40. Nf5 Rf7 41. g3 Bc7 42. Ke3 Bb6+ 43. Kxe4 Kg6 44. Rd6+ Rf6 45. Ne7+ Kf7 46. Rxf6+ Kxf6 1-0

[Event "Wch Blitz"]
[Site "St Petersburg"]
[Date "2018.12.30"]
[Round "17"]
[White "Makarov, Marat"]
[Black "Piorun, Kacper"]
[Result "1/2-1/2"]
[WhiteElo "2505"]
[BlackElo "2634"]
[PlyCount "106"]
[EventDate "2018.12.29"]
[EventType "swiss (blitz)"]
[EventRounds "21"]
[EventCountry "RUS"]
[SourceTitle "CBM 187 Extra"]
[Source "ChessBase"]
[SourceDate "2018.11.04"]
[SourceVersion "1"]
[SourceVersionDate "2018.11.04"]
[SourceQuality "1"]

1. d4 e6 2. c4 d5 3. Nf3 Nf6 4. g3 Bb4+ 5. Nc3 dxc4 6. Bg2 0-0 7. 0-0 Nd5 8. Qc2 Nc6 9. e3 a6 10. Rd1 b5 11. e4 Nxc3 12. bxc3 Bd6 13. Ng5 e5 14. d5 Ne7 15. f4 Bg4 16. Rf1 h6 17. Nf3 Bxf3 18. Bxf3 c6 19. dxc6 Nxc6 20. f5 Be7 21. h4 Bf6 22. Be3 Qe7 23. Qf2 Rfd8 24. Bc5 Qe8 25. g4 Be7 26. Be3 f6 27. g5 fxg5 28. hxg5 Bxg5 29. Bxg5 hxg5 30. Kg2 Qd7 31. Rad1 Qe7 32. Rd5 Rxd5 33. exd5 e4 34. dxc6 exf3+ 35. Qxf3 Rd8 36. Rd1 Rd6 37. Rxd6 Qxd6 38. Qe4 Kf7 39. Kf3 Qd1+ 40. Kg3 Qg1+ 41. Kh3 Qf1+ 42. Kg4 Qg1+ 43. Kh5 Qh2+ 44. Kxg5 Qg3+ 45. Kh5 Qh3+ 46. Kg5 Qg3+ 47. Kh5 Qd6 48. Kg4 Qd1+ 49. Kg3 Qg1+ 50. Kh3 Qf1+ 51. Kg3 Qg1+ 52. Kh3 Qf1+ 53. Kg3 Qg1+ 1/2-1/2

[Event "Wch Blitz"]
[Site "St Petersburg"]
[Date "2018.12.30"]
[Round "20"]
[White "Pershin, Denis"]
[Black "Makarov, Marat"]
[Result "1-0"]
[WhiteElo "2400"]
[BlackElo "2505"]
[PlyCount "107"]
[EventDate "2018.12.29"]
[EventType "swiss (blitz)"]
[EventRounds "21"]
[EventCountry "RUS"]
[SourceTitle "CBM 187 Extra"]
[Source "ChessBase"]
[SourceDate "2018.11.04"]
[SourceVersion "1"]
[SourceVersionDate "2018.11.04"]
[SourceQuality "1"]

1. d4 Nf6 2. Nc3 d5 3. Bf4 e6 4. Nb5 Na6 5. e3 Be7 6. Nf3 0-0 7. Be2 c6 8. Nc3 b5 9. 0-0 Nb8 10. a4 b4 11. Na2 a5 12. Nc1 Ba6 13. Nd3 Ne4 14. Rc1 f6 15. Nd2 Nxd2 16. Qxd2 Nd7 17. c3 b3 18. Rfe1 Nb6 19. Nc5 Bxc5 20. dxc5 Nc4 21. Bxc4 Bxc4 22. Bd6 Rf7 23. e4 e5 24. f4 exf4 25. Qxf4 Qd7 26. Re3 Re8 27. Rce1 h6 28. Kf2 Rxe4 29. Rxe4 dxe4 30. Qxe4 Bd5 31. Qe8+ Kh7 32. Qxd7 Rxd7 33. Re8 Ra7 34. g3 g5 35. Re7+ Rxe7 36. Bxe7 Kg6 37. Bd8 Kf5 38. Ke3 Kg4 39. Bxa5 Kh3 40. Bd8 f5 41. Kd4 Kxh2 42. a5 Be6 43. a6 Bc8 44. a7 Bb7 45. Bc7 Kg2 46. Ke5 Kxg3 47. Kxf5+ Kf3 48. Ke6 Ke3 49. Kd7 Kd3 50. Be5 Kc2 51. Kc7 Kxb2 52. Kxb7 Kc2 53. c4 g4 54. a8Q 1-0

[Event "Wch Blitz"]
[Site "St Petersburg"]
[Date "2018.12.29"]
[Round "2"]
[White "Bocharov, Ivan"]
[Black "Makarov, Marat"]
[Result "0-1"]
[WhiteElo "2563"]
[BlackElo "2505"]
[PlyCount "120"]
[EventDate "2018.12.29"]
[EventType "swiss (blitz)"]
[EventRounds "21"]
[EventCountry "RUS"]
[SourceTitle "CBM 187 Extra"]
[Source "ChessBase"]
[SourceDate "2018.11.04"]
[SourceVersion "1"]
[SourceVersionDate "2018.11.04"]
[SourceQuality "1"]

1. e4 c5 2. Nf3 d6 3. d4 cxd4 4. Nxd4 Nf6 5. Nc3 a6 6. f3 e5 7. Nb3 Be6 8. Be3 Be7 9. Qd2 0-0 10. 0-0-0 Qc7 11. g4 Rc8 12. g5 Nh5 13. Kb1 Nd7 14. Nd5 Bxd5 15. exd5 a5 16. a4 Nb6 17. Bxb6 Qxb6 18. Bb5 Nf4 19. h4 Qd8 20. Nd4 Nxd5 21. Nf5 Nc7 22. Bc4 Bf8 23. Nxd6 Bxd6 24. Qxd6 Qxd6 25. Rxd6 Ne8 26. Bxf7+ Kxf7 27. Rd7+ Ke6 28. Rd3 Ra6 29. Re1 Rac6 30. f4 Rc5 31. Rde3 Kf5 32. Rxe5+ Rxe5 33. Rxe5+ Kxf4 34. Rxa5 Rc7 35. Rd5 g6 36. a5 Ng7 37. b4 Nf5 38. Kb2 Ke4 39. Rd8 Nxh4 40. Kb3 Nf3 41. c4 Nxg5 42. b5 h5 43. Rd6 Nf3 44. Kb4 h4 45. Rxg6 Rh7 46. Re6+ Kf5 47. Rd6 h3 48. Rd1 h2 49. Rh1 Kg4 50. a6 bxa6 51. bxa6 Ne5 52. Kb5 Kg3 53. c5 Kg2 54. Re1 h1Q 55. Rxh1 Rxh1 56. a7 Ra1 57. Kb6 Nd7+ 58. Kb7 Nxc5+ 59. Kb8 Na6+ 60. Kb7 Nc7 0-1

[Event "Wch Blitz"]
[Site "St Petersburg"]
[Date "2018.12.29"]
[Round "11"]
[White "Guimaraes, Diogo Duarte"]
[Black "Makarov, Marat"]
[Result "1-0"]
[WhiteElo "2278"]
[BlackElo "2505"]
[PlyCount "87"]
[EventDate "2018.12.29"]
[EventType "swiss (blitz)"]
[EventRounds "21"]
[EventCountry "RUS"]
[SourceTitle "CBM 187 Extra"]
[Source "ChessBase"]
[SourceDate "2018.11.04"]
[SourceVersion "1"]
[SourceVersionDate "2018.11.04"]
[SourceQuality "1"]

1. e4 c5 2. Nf3 d6 3. Bb5+ Nd7 4. a4 Ngf6 5. Nc3 e6 6. 0-0 Be7 7. e5 dxe5 8. Nxe5 0-0 9. d4 cxd4 10. Qxd4 Nxe5 11. Qxe5 a6 12. Bd3 Bd7 13. Bf4 Bc6 14. Rfd1 Nd7 15. Qh5 g6 16. Qh3 Bf6 17. Rab1 Bg7 18. Bh6 Qf6 19. Be4 Bxh6 20. Bxc6 bxc6 21. Qxh6 Nc5 22. Qe3 Nb7 23. Rd7 Rab8 24. Rbd1 Na5 25. b3 h5 26. Ne4 Qe5 27. f4 Qf5 28. R7d4 Nb7 29. Qc3 e5 30. fxe5 Qxe5 31. Rf1 Kh8 32. Qe3 f5 33. Qh6+ Kg8 34. Rd7 Rf7 35. Rxf7 Kxf7 36. Ng5+ Kf6 37. Nh7+ Kf7 38. Ng5+ Kf6 39. h4 Qd4+ 40. Rf2 Qxh4 41. Nh7+ Kf7 42. Qd2 Qe4 43. Ng5+ Kg7 44. Nxe4 1-0

[Event "Wch Blitz"]
[Site "St Petersburg"]
[Date "2018.12.29"]
[Round "5"]
[White "Khusnutdinov, Rustam"]
[Black "Makarov, Marat"]
[Result "1-0"]
[WhiteElo "2470"]
[BlackElo "2505"]
[PlyCount "132"]
[EventDate "2018.12.29"]
[EventType "swiss (blitz)"]
[EventRounds "21"]
[EventCountry "RUS"]
[SourceTitle "CBM 187 Extra"]
[Source "ChessBase"]
[SourceDate "2018.11.04"]
[SourceVersion "1"]
[SourceVersionDate "2018.11.04"]
[SourceQuality "1"]

1. b3 e5 2. Bb2 d6 3. e3 Nc6 4. Nf3 Nf6 5. d4 e4 6. Nfd2 h5 7. c4 Bf5 8. Nc3 g6 9. a3 Bg7 10. b4 0-0 11. Qb3 Re8 12. Be2 Qe7 13. 0-0-0 Ng4 14. Nd5 Qd8 15. Rdf1 Ne7 16. h3 Nh6 17. Nc3 c5 18. d5 cxb4 19. axb4 a5 20. b5 a4 21. Qb4 Nc8 22. Ncb1 Nb6 23. Bxg7 Kxg7 24. Qc3+ Qf6 25. Qxf6+ Kxf6 26. Na3 Rac8 27. Kb2 Rc5 28. Ndb1 Kg7 29. Nc3 h4 30. g4 hxg3 31. fxg3 g5 32. h4 g4 33. Rf2 Re5 34. Rhf1 Rc8 35. Na2 Kg6 36. Nb4 Nd7 37. Nbc2 Nc5 38. Nd4 Rd8 39. Kc3 Bc8 40. Nac2 f5 41. Nb4 Bd7 42. Bd1 Ra8 43. Ra2 Nf7 44. Bc2 Ree8 45. Rfa1 Ne5 46. Bxa4 Nf3 47. Bc2 Rxa2 48. Rxa2 Nxh4 49. gxh4 Kh5 50. Bd1 Kxh4 51. Nbc2 g3 52. Ne1 Kh3 53. Ne2 Kh4 54. Nf4 Rh8 55. Rg2 Bc8 56. Rg1 Rg8 57. Rh1+ Kg5 58. Neg2 Nd7 59. Rh5+ Kf6 60. Rh6+ Kg5 61. Rxd6 Ne5 62. c5 Rh8 63. c6 bxc6 64. dxc6 Rh1 65. b6 Ba6 66. b7 Nxc6 1-0

[Event "Wch Blitz"]
[Site "St Petersburg"]
[Date "2018.12.29"]
[Round "6"]
[White "Makarov, Marat"]
[Black "Grigoriants, Sergey"]
[Result "0-1"]
[WhiteElo "2505"]
[BlackElo "2540"]
[PlyCount "68"]
[EventDate "2018.12.29"]
[EventType "swiss (blitz)"]
[EventRounds "21"]
[EventCountry "RUS"]
[SourceTitle "CBM 187 Extra"]
[Source "ChessBase"]
[SourceDate "2018.11.04"]
[SourceVersion "1"]
[SourceVersionDate "2018.11.04"]
[SourceQuality "1"]

1. d4 Nf6 2. c4 g6 3. Nf3 Bg7 4. g3 c5 5. Bg2 0-0 6. 0-0 cxd4 7. Nxd4 Nc6 8. Nc3 Ng4 9. e3 d6 10. b3 Nxd4 11. exd4 Nh6 12. Bd2 Nf5 13. d5 Bd7 14. a4 a6 15. Ne4 Rc8 16. Rc1 b5 17. axb5 axb5 18. c5 dxc5 19. Nxc5 Nd6 20. Be3 Bf5 21. Bd4 Bxd4 22. Qxd4 Rc7 23. Rfe1 Qc8 24. b4 Rd8 25. Re2 Nc4 26. Rce1 e5 27. Qh4 Re8 28. h3 h5 29. f3 Rxc5 30. bxc5 Qxc5+ 31. Kh2 Qxd5 32. g4 Bd3 33. Rd1 Qd4 34. Qf2 Qf4+ 0-1

[Event "Wch Blitz"]
[Site "St Petersburg"]
[Date "2018.12.29"]
[Round "9"]
[White "Ovchinnikov, Vsevolod"]
[Black "Makarov, Marat"]
[Result "0-1"]
[WhiteElo "2329"]
[BlackElo "2505"]
[PlyCount "55"]
[EventDate "2018.12.29"]
[EventType "swiss (blitz)"]
[EventRounds "21"]
[EventCountry "RUS"]
[SourceTitle "CBM 187 Extra"]
[Source "ChessBase"]
[SourceDate "2018.11.04"]
[SourceVersion "1"]
[SourceVersionDate "2018.11.04"]
[SourceQuality "1"]

1. d4 Nf6 2. c4 e6 3. Nf3 Bb4+ 4. Bd2 a5 5. g3 b6 6. Bg2 Bb7 7. 0-0 0-0 8. Bg5 Be7 9. Nc3 Ne4 10. Nxe4 Bxe4 11. Bxe7 Qxe7 12. Qd2 d6 13. Qe3 f5 14. Ne1 Bxg2 15. Nxg2 Nd7 16. Nf4 Rae8 17. d5 Nc5 18. dxe6 Nxe6 19. Nd5 Qf7 20. Qd2 f4 21. Rae1 Kh8 22. b3 Qg6 23. Qd3 Qg5 24. e3 f3 25. Nf4 Qg4 26. Qd5 Ng5 27. h4 Ne4 28. Rc1 0-1

[Event "Wch Rapid"]
[Site "St Petersburg"]
[Date "2018.12.26"]
[Round "2"]
[White "Makarov, Marat"]
[Black "Ahmed, Hassan Abdillahi"]
[Result "1-0"]
[WhiteElo "2505"]
[BlackElo "1570"]
[PlyCount "87"]
[EventDate "2018.12.26"]
[EventType "swiss (rapid)"]
[EventRounds "15"]
[EventCountry "RUS"]
[SourceTitle "CBM 187 Extra"]
[Source "ChessBase"]
[SourceDate "2018.11.04"]
[SourceVersion "1"]
[SourceVersionDate "2018.11.04"]
[SourceQuality "1"]

1. e4 c5 2. Nf3 g6 3. c3 Nc6 4. d4 cxd4 5. cxd4 Bg7 6. Nc3 d6 7. Bb5 a6 8. Bxc6+ bxc6 9. 0-0 Nf6 10. h3 0-0 11. e5 Nd7 12. Bf4 d5 13. Qd2 Nb6 14. b3 f6 15. Bh6 fxe5 16. Nxe5 Qd6 17. Bxg7 Kxg7 18. Rfe1 Bf5 19. Rac1 Rac8 20. Ne2 e6 21. Qe3 a5 22. g4 Be4 23. f3 Bf5 24. gxf5 Rxf5 25. Ng3 Rff8 26. Kg2 Nd7 27. Nxd7 Qxd7 28. Qxe6 Qd8 29. Qe7+ Rf7 30. Qxd8 Rxd8 31. Rxc6 Rdf8 32. Re3 h5 33. Rce6 Kh6 34. Rc3 h4 35. Nf1 Rf5 36. Nh2 Rg5+ 37. Ng4+ Kh5 38. Rc7 Rh8 39. Re5 Rxe5 40. Nxe5 Rf8 41. Kf2 Rf6 42. Ke3 Kg5 43. f4+ Kh6 44. Ng4+ 1-0

[Event "St Petersburg Rapid final"]
[Site "St Petersburg"]
[Date "2014.09.27"]
[Round "2.3"]
[White "Goganov, Aleksey"]
[Black "Makarov, Marat"]
[Result "0-1"]
[WhiteElo "2608"]
[BlackElo "2505"]
[PlyCount "148"]
[EventDate "2014.09.27"]
[EventType "k.o. (rapid)"]
[EventRounds "5"]
[EventCountry "RUS"]
[SourceTitle "CBM 162 Extra"]
[Source "ChessBase"]
[SourceDate "2014.10.17"]
[SourceVersion "1"]
[SourceVersionDate "2014.10.17"]
[SourceQuality "1"]

1. c4 c5 2. Nf3 b6 3. d4 cxd4 4. Nxd4 Bb7 5. Nc3 a6 6. e4 e6 7. Be2 d6 8. 0-0 Nf6 9. f3 Be7 10. Be3 Nbd7 11. Qd2 0-0 12. Kh1 Ne5 13. Rfd1 Qc7 14. b3 Rac8 15. Rac1 h5 16. Bf1 Ng6 17. Qf2 h4 18. Nde2 Nd7 19. Nf4 Nde5 20. Nxg6 Nxg6 21. Bxb6 Qb8 22. Be3 Bf6 23. Bd4 Bg5 24. Be3 Bf6 25. Ne2 Bb2 26. Rc2 Be5 27. Bd4 d5 28. exd5 exd5 29. Bxe5 Qxe5 30. Nc3 dxc4 31. Bxc4 h3 32. g3 Qf5 33. Nd5 Rfd8 34. Rcd2 Kh8 35. g4 Qe5 36. Qg3 Qxg3 37. hxg3 Ne5 38. f4 Nxg4 39. Kg1 Rc5 40. f5 h2+ 41. Kh1 Ne3 42. Re1 Bxd5+ 43. Bxd5 Rcxd5 44. Rxd5 Nxd5 45. Kxh2 Rd7 46. g4 f6 47. Kg3 Kg8 48. Re6 Nb4 49. a3 Nc2 50. Rxa6 Rd3+ 51. Kf4 Rxb3 52. a4 Rb4+ 53. Kf3 Nd4+ 54. Ke4 Nb3+ 55. Kd5 Rxg4 56. a5 Ra4 57. Ra8+ Kh7 58. a6 Nd4 59. Kc5 Nxf5 60. a7 Ne7 61. Kb5 Ra1 62. Kb6 Nd5+ 63. Kc6 Ne3 64. Kb6 Nc4+ 65. Kc5 Ne5 66. Kb6 Rb1+ 67. Kc7 Ra1 68. Kb6 g5 69. Rb8 g4 70. a8Q Rxa8 71. Rxa8 Kg6 72. Ra1 f5 73. Kc5 Nf3 74. Kd5 Kg5 0-1

[Event "St Petersburg Rapid final"]
[Site "St Petersburg"]
[Date "2014.09.27"]
[Round "2.2"]
[White "Makarov, Marat"]
[Black "Goganov, Aleksey"]
[Result "1/2-1/2"]
[WhiteElo "2505"]
[BlackElo "2608"]
[PlyCount "47"]
[EventDate "2014.09.27"]
[EventType "k.o. (rapid)"]
[EventRounds "5"]
[EventCountry "RUS"]
[SourceTitle "CBM 162 Extra"]
[Source "ChessBase"]
[SourceDate "2014.10.17"]
[SourceVersion "1"]
[SourceVersionDate "2014.10.17"]
[SourceQuality "1"]

1. d4 Nf6 2. c4 e6 3. Nc3 Bb4 4. e3 0-0 5. Nge2 d5 6. a3 Be7 7. cxd5 exd5 8. b4 c6 9. Ng3 b5 10. Bd2 a5 11. bxa5 Rxa5 12. a4 bxa4 13. Nxa4 Ra8 14. Be2 Nbd7 15. 0-0 Ba6 16. Nb2 Bxe2 17. Qxe2 Rxa1 18. Rxa1 c5 19. Nf5 cxd4 20. Ba5 Qe8 21. exd4 Bd8 22. Qxe8 Rxe8 23. Bxd8 Rxd8 24. Nd3 1/2-1/2

[Event "St Petersburg Rapid final"]
[Site "St Petersburg"]
[Date "2014.09.27"]
[Round "2.4"]
[White "Makarov, Marat"]
[Black "Goganov, Aleksey"]
[Result "0-1"]
[WhiteElo "2505"]
[BlackElo "2608"]
[PlyCount "98"]
[EventDate "2014.09.27"]
[EventType "k.o. (rapid)"]
[EventRounds "5"]
[EventCountry "RUS"]
[SourceTitle "CBM 162 Extra"]
[Source "ChessBase"]
[SourceDate "2014.10.17"]
[SourceVersion "1"]
[SourceVersionDate "2014.10.17"]
[SourceQuality "1"]

1. c4 g6 2. Nf3 Bg7 3. Nc3 c5 4. g3 Nc6 5. Bg2 e6 6. d3 Nge7 7. Bg5 h6 8. Bd2 b6 9. 0-0 Bb7 10. a3 d6 11. Rb1 Qd7 12. b4 0-0 13. b5 Nd4 14. e3 Nxf3+ 15. Bxf3 Bxf3 16. Qxf3 d5 17. Rfd1 Rad8 18. Be1 d4 19. exd4 Bxd4 20. Ne2 Bg7 21. Bc3 e5 22. a4 f5 23. Qe3 f4 24. Qf3 fxg3 25. Qxg3 Rf5 26. Qg2 Rg5 27. Ng3 Nf5 28. Bd2 Rg4 29. Qf3 Nd4 30. Qe3 Rf8 31. Bc3 Rf3 32. Bxd4 Rxe3 33. Bxe3 h5 34. f3 Rh4 35. Rd2 Kh7 36. Rf1 Bh6 37. Bxh6 Kxh6 38. Rg2 Qxd3 39. Ne4 Rf4 40. Ng5 Qxc4 41. Rd1 Rd4 42. Re1 Rd3 43. Kh1 Qxa4 44. Reg1 Rd1 45. Nf7+ Kg7 46. Nxe5 Rxg1+ 47. Rxg1 Qxb5 48. Rxg6+ Kf8 49. Kg2 Qe2+ 0-1

[Event "St Petersburg Rapid final"]
[Site "St Petersburg"]
[Date "2014.09.27"]
[Round "1.1"]
[White "Makarov, Marat"]
[Black "Grinberg, Iosif P"]
[Result "1-0"]
[WhiteElo "2505"]
[BlackElo "2112"]
[PlyCount "82"]
[EventDate "2014.09.27"]
[EventType "k.o. (rapid)"]
[EventRounds "5"]
[EventCountry "RUS"]
[SourceTitle "CBM 162 Extra"]
[Source "ChessBase"]
[SourceDate "2014.10.17"]
[SourceVersion "1"]
[SourceVersionDate "2014.10.17"]
[SourceQuality "1"]

1. Nf3 d5 2. d4 c6 3. c4 Nf6 4. Qc2 g6 5. Bf4 Bf5 6. Qb3 Qb6 7. c5 Qxb3 8. axb3 Nbd7 9. h3 Bg7 10. e3 0-0 11. Nc3 h5 12. b4 a6 13. Be2 Rfe8 14. 0-0 Ne4 15. Rfd1 f6 16. Bh2 g5 17. Nxe4 Bxe4 18. Nd2 Bg6 19. Re1 e5 20. Nb3 f5 21. Na5 Ra7 22. Rad1 f4 23. exf4 exd4 24. fxg5 d3 25. Bf3 Bxb2 26. Rxe8+ Bxe8 27. Re1 Ra8 28. Nxb7 Bg6 29. Na5 d2 30. Rd1 Re8 31. Bf4 Bc3 32. Bxd2 Bxd2 33. Rxd2 Ne5 34. Be2 Rb8 35. f4 Nc4 36. Nxc4 dxc4 37. Bxc4+ Kf8 38. Be6 Rxb4 39. f5 Be8 40. f6 Rb8 41. Bf5 Ra8 1-0

[Event "Chigorin Memorial 21st"]
[Site "St Petersburg"]
[Date "2013.10.13"]
[Round "9"]
[White "Makarov, Marat"]
[Black "Romanov, Evgeny"]
[Result "1/2-1/2"]
[WhiteElo "2512"]
[BlackElo "2654"]
[PlyCount "88"]
[EventDate "2013.10.05"]
[EventType "swiss"]
[EventRounds "9"]
[EventCountry "RUS"]
[SourceTitle "CBM 156 Extra"]
[Source "ChessBase"]
[SourceDate "2013.10.22"]
[SourceVersion "1"]
[SourceVersionDate "2013.10.22"]
[SourceQuality "1"]

1. Nf3 Nf6 2. c4 b6 3. b3 Bb7 4. e3 g6 5. Bb2 Bg7 6. Be2 0-0 7. 0-0 c5 8. Nc3 d5 9. Nxd5 Nxd5 10. Bxg7 Nxe3 11. fxe3 Kxg7 12. d4 Nd7 13. d5 Qc7 14. Qe1 Rae8 15. Rd1 h6 16. Qc3+ Kh7 17. e4 e5 18. Nh4 Qd8 19. g3 Nf6 20. Qf3 Kg7 21. Ng2 Bc8 22. Ne3 Nh7 23. g4 h5 24. gxh5 Ng5 25. Qg3 Nxe4 26. Qg2 Nd6 27. Rf3 g5 28. Rg3 Kh8 29. Kh1 Rg8 30. Rg1 f5 31. Rxg5 Rxg5 32. Qxg5 Qxg5 33. Rxg5 Ne4 34. Rg6 f4 35. Ng4 Bf5 36. Rh6+ Kg7 37. Rc6 Nc3 38. Rc7+ Kh8 39. Nh6 Nxe2 40. Nxf5 Rg8 41. h4 f3 42. d6 Rg1+ 43. Kh2 Rg2+ 44. Kh1 Rg1+ 1/2-1/2

[Event "Chigorin Memorial 21st"]
[Site "St Petersburg"]
[Date "2013.10.06"]
[Round "2"]
[White "Solovyov, Viktor"]
[Black "Makarov, Marat"]
[Result "1/2-1/2"]
[WhiteElo "2298"]
[BlackElo "2512"]
[PlyCount "152"]
[EventDate "2013.10.05"]
[EventType "swiss"]
[EventRounds "9"]
[EventCountry "RUS"]
[SourceTitle "CBM 156 Extra"]
[Source "ChessBase"]
[SourceDate "2013.10.22"]
[SourceVersion "1"]
[SourceVersionDate "2013.10.22"]
[SourceQuality "1"]

1. Nf3 e6 2. c4 a6 3. g3 b5 4. b3 c5 5. Nc3 Qb6 6. Bg2 Bb7 7. 0-0 Nf6 8. Re1 d6 9. Rb1 b4 10. Na4 Qc7 11. d4 cxd4 12. Nxd4 Bxg2 13. Kxg2 Nbd7 14. e4 Be7 15. Qe2 0-0 16. Nf3 e5 17. Bg5 Rfe8 18. Rbd1 g6 19. Bxf6 Nxf6 20. Nd2 Qc6 21. Nf1 Bd8 22. f3 a5 23. Qd3 Re6 24. Ne3 Bb6 25. Nxb6 Qxb6 26. Nd5 Nxd5 27. Qxd5 Ra6 28. Re2 a4 29. Qb5 Qxb5 30. cxb5 Ra5 31. bxa4 Rxa4 32. Rb2 Re7 33. Rxd6 Rb7 34. b6 Kf8 35. Rd5 Rxb6 36. Rxe5 Rba6 37. Rb5 Rxa2 38. R5xb4 h5 39. R4b3 Rxb2+ 40. Rxb2 Ra3 41. h4 Ke7 42. Kf2 Ke6 43. Ke2 Kf6 44. Rd2 Rb3 45. Rd3 Rb2+ 46. Ke3 Ra2 47. Kf4 Ra5 48. Rd6+ Kg7 49. Rd5 Ra4 50. Rb5 Rc4 51. g4 hxg4 52. Kxg4 Ra4 53. h5 gxh5+ 54. Rxh5 Ra3 55. Rb5 Ra1 56. f4 Kg6 57. Rb6+ Kg7 58. Kf5 Ra5+ 59. e5 Ra4 60. Rb7 Ra6 61. Rd7 Ra5 62. Kg4 Kf8 63. Rb7 Kg8 64. Kg5 Kg7 65. Rb8 Rc5 66. Re8 f6+ 67. Kf5 fxe5 68. fxe5 Kf7 69. Rh8 Rc6 70. Rh7+ Ke8 71. Ra7 Rb6 72. Ke4 Rh6 73. Kd5 Rg6 74. Ra8+ Ke7 75. Rh8 Ra6 76. Rh7+ Ke8 1/2-1/2

[Event "St Petersburg Summer rapid"]
[Site "St Petersburg"]
[Date "2013.09.01"]
[Round "11"]
[White "Makarov, Marat"]
[Black "Shimanov, Aleksandr"]
[Result "1-0"]
[WhiteElo "2512"]
[BlackElo "2655"]
[PlyCount "77"]
[EventDate "2013.08.31"]
[EventType "swiss (rapid)"]
[EventRounds "11"]
[EventCountry "RUS"]
[SourceTitle "CBM 156 Extra"]
[Source "ChessBase"]
[SourceDate "2013.10.22"]
[SourceVersion "1"]
[SourceVersionDate "2013.10.22"]
[SourceQuality "1"]

1. Nf3 Nf6 2. c4 e6 3. Nc3 Bb4 4. Qc2 c5 5. g3 0-0 6. Bg2 d5 7. cxd5 exd5 8. a3 Ba5 9. 0-0 Nc6 10. d3 Bg4 11. Bg5 Bxf3 12. exf3 Nd4 13. Qd1 Bxc3 14. bxc3 Ne6 15. f4 Rb8 16. Re1 Nxg5 17. fxg5 Ne8 18. h4 Nc7 19. a4 Qd6 20. Ra2 Rfe8 21. Rae2 Qd7 22. Qb3 Rxe2 23. Rxe2 b6 24. c4 Ne6 25. Bh3 Qd6 26. Bxe6 fxe6 27. Qc3 Rf8 28. Qe1 dxc4 29. dxc4 Qd3 30. Re4 Qc2 31. Qe2 Qxa4 32. Rxe6 Kh8 33. Re7 a5 34. h5 Qa1+ 35. Kg2 Qd4 36. h6 Rg8 37. Qe6 gxh6 38. gxh6 Rf8 39. Qf7 1-0

[Event "Chigorin Memorial 20th"]
[Site "St Petersburg"]
[Date "2012.11.03"]
[Round "8"]
[White "Makarov, Marat"]
[Black "Timofeev, Artyom"]
[Result "0-1"]
[WhiteElo "2516"]
[BlackElo "2631"]
[PlyCount "88"]
[EventDate "2012.10.27"]
[EventType "swiss"]
[EventRounds "9"]
[EventCountry "RUS"]
[SourceTitle "EXT 2013"]
[Source "ChessBase"]
[SourceDate "2012.11.22"]
[SourceVersion "1"]
[SourceVersionDate "2012.11.22"]
[SourceQuality "1"]

1. c4 Nf6 2. Nc3 d5 3. cxd5 Nxd5 4. Nf3 g6 5. g3 Nxc3 6. bxc3 b6 7. Qa4+ Qd7 8. Qe4 c6 9. Bg2 Bb7 10. Ne5 Qe6 11. Nc4 Qxe4 12. Bxe4 Nd7 13. a4 0-0-0 14. d4 c5 15. Bxb7+ Kxb7 16. Be3 Rc8 17. Rc1 e6 18. 0-0 f5 19. Rfd1 cxd4 20. cxd4 Nf6 21. Bf4 Bb4 22. Be5 Rhf8 23. Bxf6 Rxf6 24. e3 Rf7 25. Ne5 Rfc7 26. Rb1 a5 27. Nd3 Rc4 28. Ne5 Rc2 29. Nd3 R8c4 30. Ne5 R4c3 31. Nd3 Bd6 32. Rb5 Ra2 33. Nc5+ Bxc5 34. dxc5 Rxc5 35. Rd6 Rc6 36. Rd7+ Ka6 37. Rxh7 Rxa4 38. Rb2 Rac4 39. h4 Rc2 40. Rb3 R6c3 41. Rxc3 Rxc3 42. Rg7 a4 43. Rxg6 a3 44. Rg8 Kb7 0-1

[Event "Chigorin Memorial 20th"]
[Site "St Petersburg"]
[Date "2012.10.27"]
[Round "1"]
[White "Makarov, Marat"]
[Black "Fedorov, Viktor"]
[Result "1-0"]
[WhiteElo "2516"]
[BlackElo "2118"]
[PlyCount "107"]
[EventDate "2012.10.27"]
[EventType "swiss"]
[EventRounds "9"]
[EventCountry "RUS"]
[SourceTitle "EXT 2013"]
[Source "ChessBase"]
[SourceDate "2012.11.22"]
[SourceVersion "1"]
[SourceVersionDate "2012.11.22"]
[SourceQuality "1"]

1. Nf3 d5 2. d4 Nf6 3. c4 e6 4. Nc3 c6 5. Bg5 Nbd7 6. cxd5 exd5 7. e3 Be7 8. Bd3 0-0 9. 0-0 Re8 10. Qc2 Nf8 11. Rab1 Be6 12. b4 Rc8 13. h3 N6d7 14. Bf4 Ng6 15. Bh2 Ndf8 16. Na4 Bd6 17. Nc5 Bxh2+ 18. Nxh2 b6 19. Nxe6 Nxe6 20. f4 Ngf8 21. Nf3 Qd6 22. Rfd1 Rc7 23. Qd2 Rce7 24. Rbc1 Nd8 25. Re1 f6 26. a4 Nb7 27. Qc3 Rc7 28. a5 Nd8 29. Qd2 Ree7 30. axb6 axb6 31. b5 g6 32. bxc6 Nxc6 33. g4 h6 34. h4 Kg7 35. g5 Nh7 36. gxf6+ Qxf6 37. Re2 Kh8 38. Rg2 Nf8 39. Rb1 Rb7 40. Qf2 Rg7 41. Ne5 Ne7 42. Ng4 Qe6 43. Nxh6 Nf5 44. Ng4 Rh7 45. Bxf5 gxf5 46. Ne5 Rhg7 47. Rc1 Rxg2+ 48. Kxg2 Rg7+ 49. Kh3 Qg8 50. Rc8 Kh7 51. Qf3 Kh6 52. Rc6+ Ne6 53. Qxd5 Rg3+ 54. Kh2 1-0